000 00794nam a22002057a 4500
999 _c19068
_d19068
003 AR-CdUCM
008 190516b ||||| |||| 00| 0 spa d
040 _aMUNICIPALIDAD PROVINCIAL DEL CUSCO
_cBIBLIOTECA MUNICIPAL DEL CUSCO
082 _a335.4 /
_bE12
100 _aEbenstein, William
_96407
245 _aDos formas de vida :
_bEl desafío comunista a la democracia /
260 _aMéxico :
_bF.Trillas,
_c1964.
300 _a477 páginas ;
_c25 cm.
505 _aContenido : Democracia como forma de vida -- Desarrollo histórico de la democracia -- Concepto Occidental contra el concepto comunista de la democracia...
650 _aDoctrina comunista
_940159
650 _aDoctrina democrática
_940160
650 _aSistemas económicos
_98539
942 _2ddc
_cLIBROS
945 _arcc